[Event "Al Ain Amateur op 4th"]
[Site "Al Ain"]
[Date "2015.12.28"]
[Round "7"]
[White "Adarsh, Saji"]
[Black "Santosh, Sanath"]
[Result "1-0"]
[WhiteElo "1743"]
[BlackElo "1631"]
[PlyCount "103"]
[EventDate "2015.12.23"]
[EventType "swiss"]
[EventRounds "9"]
[EventCountry "UAE"]
[SourceTitle "CBM 170 Extra"]
[Source "ChessBase"]
[SourceDate "2016.02.25"]
[SourceVersion "1"]
[SourceVersionDate "2016.02.25"]
[SourceQuality "1"]

1. d4 Nf6 2. c4 g6 3. Nc3 Bg7 4. e4 d6 5. f3 Nbd7 6. Be3 e5 7. Nge2 exd4 8. Nxd4 Ne5 9. Qd2 0-0 10. Be2 Be6 11. Nxe6 fxe6 12. 0-0 Qe7 13. Rad1 Rad8 14. b4 a6 15. Qc2 Nc6 16. a3 Qf7 17. Rd2 Rfe8 18. Rfd1 Kh8 19. f4 Ng8 20. Bf3 e5 21. Nd5 Nf6 22. g3 Nxd5 23. cxd5 Nd4 24. Bxd4 exd4 25. Bg4 Re7 26. Be6 Qe8 27. Rc1 Qb5 28. Qd3 Qb6 29. Rdc2 Bh6 30. Rd1 Bg7 31. Kg2 Rf8 32. Rf1 a5 33. b5 Qa7 34. a4 b6 35. Rfc1 Qb8 36. Rc4 Rfe8 37. Rxd4 Bxd4 38. Qxd4+ Rg7 39. f5 gxf5 40. exf5 Rf8 41. f6 Rgf7 42. Bxf7 Rxf7 43. Re1 Qf8 44. Re6 Qg8 45. Qc4 Rf8 46. Qe4 Qg6 47. Qxg6 hxg6 48. h4 Rf7 49. g4 Kg8 50. Re8+ Rf8 51. Rxf8+ Kxf8 52. Kg3 1-0